000 00665nam a2200229Ia 4500
003 OSt
005 20230401131019.0
008 210423s2005 xx 000 0 und d
020 _a8122901999
040 _cAL
041 _aeng
082 _a070.1 KILK
_223
100 _aKILLEBREW (Kenneth C)
_982032
245 _aManaging media convergence: pathways to journalistic cooperation
260 _aNew Delhi
_bSurjeeth Publications
_c2005
300 _axiii,218
_bPB
365 _b195
_cINR
650 _aGeneral
_982033
650 _aMass Media
_982034
906 _aconvergence: ; cooperation. ; journalistic ; Managing ; media ; pathways
942 _2ddc
_cBK
999 _c155491
_d155491